01189cam a2200277 i 450000100060000000300080000600500170001400800410003102000170007203500190008904000270010804100080013508200260014310000220016924502030019126000900039430000750048449000870055950400320064665000480067865100340072665100240076065100350078483000120081983000800083122254BD-RjUL20211209000803.0140306s1979 enkabef b 001 0 eng  a0500990298 : a(BD-RjUL)22319 aDLCcDLCdBD-RjULbeng aeng00a942.464219bWAM 19791 aWainwright, G. J.10aMount Pleasant, Dorset :bexcavations 1970-1971, incorporating an account of excavations undertaken at Woodhenge in 1970 /cby G. J. Wainwright ; with major contributions by D. Britton ... [et al.]. aLondon :bSociety of Antiquaries of London : distributed by Thames and Hudson,c1979. axiv, 265 p., 37 leaves of plate :bill., maps, plans, tables ;c28 cm.1 aReports of the Research Committee of the Society of Antiquaries of London ; no. 37 aBibliography: p. [257]-261. 0aExcavations (Archaeology)zEnglandzDorset. 0aMount Pleasant Site (England) 0aWoodhenge (England) 0aDorset (England)xAntiquities. 0vno. 37. 0aReports of the Research Committee of the Society of Antiquaries of London ;